| 000 | 01506cam a22002174a 4500 | ||
|---|---|---|---|
| 005 | 20250605164211.0 | ||
| 008 | 250528s ||||||||||||||||||||||||d | ||
| 035 | _a20257 | ||
| 020 | _a9602310839 | ||
| 040 |
_aGR-AtMCL _bgre _dGR-AtMCL _eAACR2 |
||
| 245 | 1 | _aConcise Modern Greek Grammar | |
| 250 | _a1η | ||
| 260 |
_bAristotle University of Thessaloniki, _c2004 |
||
| 300 | _a264 | ||
| 520 | _aThis book designed to allow the Modern Greek Language to become more widely known. Brief History of the Greek Language, Sounds and Letters, The Sounds of Greek Language, Words and Syllables, Accentuation, Other Orthographical Marks, Sound Modification, Vocabulary, The Origins of Greek Words, Onomatopoeia: Change of Grammatical Type, Overview, Derivation, Composition, The Meaning of Words, Changes in Meaning, Proper Nouns, Morphology - Parts of Speech, Grammatical Terms, Articles, Meaning of Nouns: Types of Nouns, Gender of Nouns, Number in Nouns, Three Declensions of Nouns, Irregular Nouns, Adjectives, Declesion of Adjectives, The Comparison of Adjectives, Numerals, Pronouns, Disposition and Voice, Mood and Tense: Number and Person, The Elements of Verb Formation, Conjugation, Stems, Deffective and Impersonal and Irregular Verbs, Participles, Uniflicted Parts of Speech, Adverbs, Prepositions, Conjuctions, Interjections, Index of Grammatical Terms, Greek, English. | ||
| 700 | 1 |
_aTriandaphyllidis Manolis A _96275 |
|
| 942 | _cBK | ||
| 999 |
_c5388 _d5388 |
||